00586nam a2200169Ia 4500003000900000008004100009040001600050080002300066110003300089245014200122260005000264300000800314500002800322650002700350650001800377650002100395IN-BaIIA211028s9999 xx 000 0 eng d cIIA Library a083.7:621.882bISI aIndian Standards Institution 0aIndian standard methods of evaluating dynamic load ratings of rolling bearingsbpt. 3, thrust ball bearingscIndian Standards Institution aNew DelhibIndian Standards Institutionc1971 a6p. aIS 3824 : Part 3 : 1966 a Bearings - standards a Standards  aNASA thesaurus